| Tag |
First Indicator |
Second Indicator |
Subfields |
| LEADER |
00000nam a2200000Ia 4500 |
| 001 |
in00004239708 |
| 005 |
20200807093813.0 |
| 006 |
m g d |
| 007 |
cr bn |||a|bb| |
| 008 |
850509s1674 enk o 001 | eng d |
| 035 |
|
|
|a (OCoLC)12016428
|
| 040 |
|
|
|a EAA
|c EAA
|d m/c
|d WaOLN
|
| 037 |
|
|
|a CL0037000027
|b ProQuest Information and Learning. 300 N. Zeeb Rd., Ann Arbor, MI 48106
|
| 043 |
|
|
|a a-tu---
|
| 045 |
0 |
|
|b d1674
|
| 049 |
|
|
|a UMIA
|
| 100 |
1 |
|
|a Smith, Thomas,
|d 1638-1710.
|
| 245 |
1 |
0 |
|a Epistolæ quatuor :
|b quarum duæ de moribus ac institutis Turcarum agunt, duæ septem Asiæ ecclesiarum et Constantinopoleos notitiam continent /
|c authore Tho. Smith ...
|
| 260 |
|
|
|a Oxonii :
|b Excudebat H.H. ... impensis Ric. Davis,
|c 1674.
|
| 300 |
|
|
|a 1 online resource ([6], 171, [12], [5], 133, [7] pages)
|
| 336 |
|
|
|a text
|b txt
|2 rdacontent
|
| 337 |
|
|
|a computer
|b c
|2 rdamedia
|
| 338 |
|
|
|a online resource
|b cr
|2 rdacarrier
|
| 500 |
|
|
|a Reproduction of original in Huntington Library.
|
| 500 |
|
|
|a "Epistola de moribus ac institutis Turcarum" has separate t.p. and pagination.
|
| 500 |
|
|
|a Latin/Arabic indices: pages [2]-[11] at end of Epistolæ quartuor and pages [2]-[6] at end of Epistola oe moribus.
|
| 500 |
|
|
|a Errata at end of each work.
|
| 510 |
4 |
|
|a Wing
|c S4242
|
| 533 |
|
|
|a Electronic reproduction.
|b Ann Arbor, Mich. :
|c UMI,
|d 1999-
|f (Early English books online)
|n Digital version of: (Early English books, 1641-1700 ; 878:22)
|7 s1999 miun s
|
| 651 |
|
0 |
|a Turkey
|x Social life and customs
|v Early works to 1800.
|
| 650 |
|
0 |
|a Church buildings
|z Turkey
|v Early works to 1800.
|
| 651 |
|
0 |
|a Istanbul (Turkey)
|x Description and travel.
|
| 740 |
0 |
|
|a Epistola de moribus ac institutis Turcarum.
|
| 740 |
0 |
|
|a Epistola de moribvs ac institvtis Turcarum.
|
| 830 |
|
0 |
|a Early English books online.
|
| 856 |
4 |
0 |
|u http://proxy.library.tamu.edu/login?url=https://search.proquest.com/docview/2240922964
|z Connect to the full text of this electronic book
|t 0
|
| 999 |
f |
f |
|s 30718bad-51b5-3455-8fe1-f5fff1548db5
|i 8708c95a-66a9-3d1e-bf5a-ef0010caa5d6
|t 0
|
| 952 |
f |
f |
|a Texas A&M University
|b College Station
|c Electronic Resources
|d Available Online
|t 0
|h No information provided
|
| 998 |
f |
f |
|t 0
|l Available Online
|